Statistics for British Isles Map (easier version)

Click here to take the quiz!

General Stats

  • This quiz has been taken 73 times
  • The average score is 9 of 12

Answer Stats

Area (km2) Islands % Correct
572Isle of {Man}
95%
969{Mainland} (Shetland)
93%
381Isle of {Wight}
93%
523{Mainland} (Orkney)
88%
81,638Ireland
86%
714Anglesey
81%
209,331Great Britain
77%
1,656Skye
65%
2,179{Lewis} and {Harris}
60%
432Arran
51%
875Mull
47%
620Islay
33%

Score Distribution

Percentile by Number Answered

Percent of People with Each Score

Your Score History

You have not taken this quiz